何ど? 前編 - Statistics

General Stats
  • This quiz has been taken 278 times
  • The average score is 8 of 15
Answer Stats
Hint Answer % Correct
『うっせぇわ』や『唱』などで人気を集める歌い手。ローマ字表記。 Ado
98%
明治時代の前の時代。当時の幕府所在地。 江戸
97%
「悲しい」を英語で。 sad
95%
香川県の島。オリーブで有名。 小豆
85%
地球上のある地点が赤道からどれくらい北または南にはずれているかの度合。 緯度
84%
哺乳綱食肉目アシカ科〇〇属に分類され、岩礁海岸から20 - 30キロメートル以内の海域に生息する。オホーツク海やベーリング海、アラスカ湾岸に生息する。 トド
68%
イラクの首都。 バグダッド
62%
〇〇時代の面影を残す古い町並みや武家屋敷などがある町を指す言葉。埼玉県川越市、栃木県栃木市、千葉県香取市などが該当する。 小江戸
52%
プラスチック製のカードにチップを内蔵したカード。 ICカード
41%
水の体積が最も小さくなり密度が最大になる温度。 4
39%
京急東神奈川駅の旧駅名。 仲木戸
26%
Googleが開発した汎用モバイルオペレーティングシステム。 アンドロイド
23%
岡山県瀬戸内市南部の海沿いの町。オリーブで有名。 牛窓
14%
インド西部のグジャラート州の都市。「塩の行進」の出発地。 アーメダバード
9%
植物を育てるために使用される土壌や土のこと。 用土
8%
No matching quizzes found
Score Distribution
Percent of People with Each Score
Percentile by Number Answered
Your Score History
You have not taken this quiz